| 000 -ლიდერი |
| ფიქსირებული სიგრძის საკონტროლო ველი |
01611nam a22002057a 4500 |
| 003 - საკონტროლო ნომრის იდენტიფიკატორი |
| საკონტროლო ველი |
Ge_BSU |
| 005 - ბოლო ოპერაციის თარიღი და დრო |
| საკონტროლო ველი |
20220617134822.0 |
| 008 - ფიქსირებული სიგრძის მონაცემთა ელემენტები - ზოგადი ინფორმაცია |
| ფიქსირებული სიგრძის საკონტროლო ველი |
220617s2013 ge ||||| |||| 00| 0 geo d |
| 020 ## - წიგნის საერთაშორისო სტანდარტული ნომერი |
| International Standard Book Number |
9789941445293 |
| 041 ## - ენის კოდი |
| Language code of text/sound track or separate title |
geo |
| 080 ## - უნივერსალური ათობითი კლასიფიკაციის ინდექსი |
| Universal Decimal Classification number |
929.733(479.222.2) ო-32 |
| 245 ## - ცნობა სათაურის შესახებ |
| Title |
ოდიშის (სამეგრელოს) სამთავროს თავადთა და აზნაურთა ოჯახები : |
| Remainder of title |
სამეგრელოს თავადთა და აზნაურთა ღირსებების მქონედ აღიარებულ პირთა სახელდებითი საოჯახო სიები / |
| Statement of responsibility, etc |
ტექსტები შეკრიბეს და დასაბეჭდად მოამზადეს ზურაბ ჭუმბურიძემ, იური ჩიქოვანმა და ანზორ სიჭინავამ ; ზურაბ ჭუმბურიძის რედ. ; გელათის მეცნ. აკადემია. |
| 264 ## - წარმოების, გამოცემის, დისტრიბუციის და სხვა ცნობები |
| გამოცემის, წარმოების, დისტრიბუციის... ადგილი |
თბ. : |
| გამოცემის, წარმოების, დისტრიბუციის... სახელწოდება |
არტანუჯი, |
| გამოცემის, წარმოების, დისტრიბუციის... თარიღი |
2013. |
| 300 ## - ფიზიკური აღწერა |
| Extent |
384 გვ. ; |
| Other physical details |
21 სმ. |
| 490 ## - სერიის ცნობა |
| Series statement |
არტანუჯის წყაროები, 1512-4482 |
| Volume number/sequential designation |
14 |
| 500 ## - ზოგადი შენიშვნა |
| General note |
გარეკანზე: სამეგრელო თავადები და აზნაურები. |
| 653 ## - INDEX TERM--UNCONTROLLED |
| Uncontrolled term |
ქართველი თავად-აზნაურობა. |
| 700 ## - ADDED ENTRY--PERSONAL NAME |
| Personal name |
ჭუმბურიძე, ზურაბ |
| Relator term |
ტექსტის მომზადება |
| 9 (RLIN) |
8055 |
| 942 ## - ADDED ENTRY ELEMENTS (KOHA) |
| Source of classification or shelving scheme |
|
| Koha item type |
წიგნი |